000
00249nam a22000977a 4500
999
_c
10401
_d
10401
008
180216b ||||| |||| 00| 0 eng d
020
_a
9798173548795
100
_a
Ghosh,S.etal.
_9
2506
245
_a
Cosmos Zetabyte Computer-VI
260
_a
New Delhi
_b
APC